| 000 | 00372pab a2200121 454500 | ||
|---|---|---|---|
| 008 | 180718b xxu||||| |||| 00| 0 eng d | ||
| 100 | _aMundle Sudipto | ||
| 245 | _aPolicies, paradigms and development debate at close of twentieth century | ||
| 362 | _a28(36) 4 Sep 93, p.1879-882 | ||
| 650 | _aEconomic Development | ||
| 773 | _aEconomic and Political Weekly | ||
| 909 | _a24773 | ||
| 999 |
_c24773 _d24773 |
||